Evaluación energética en la planta de solventes FENIX Refinería Esso Managua

El presente trabajo incluye el cálculo de los balances másivo y energético, transferencia de calor (factores de obstrucción y coeficientes de transferencia de calor) y caídas de presión en los equipos de la planta de solventes FENIX utilizando frecuencias de cálculo reconocidas por Exxon Mobi...

Full description

Bibliographic Details
Main Authors: Avellan López, Ernesto José, Vega Obando, Norman Nelson
Other Authors: Tutor: Gamero P., Rafael
Format: Tesis Section = Libro
Language:Undetermined
Spanish
Published: Managua UNI 2007
Subjects:
LEADER 01347nam a2200265Ia 4500
008 240830s9999 xx 000 0 und d
040 |a BIBLIOTECA-RUSB/ Mon 665.5028 A949 
041 |a spa 
082 |a Mon 665.5028 A949 
100 1 |a Avellan López, Ernesto José 
100 1 |b Vega Obando, Norman Nelson 
245 1 0 |a Evaluación energética en la planta de solventes FENIX Refinería Esso Managua 
260 |a Managua  |b UNI  |c 2007 
300 |a 97 p. :il. 
502 |a Tesis (Ingeniero Químico) - UNI, 2007. 
520 3 |a El presente trabajo incluye el cálculo de los balances másivo y energético, transferencia de calor (factores de obstrucción y coeficientes de transferencia de calor) y caídas de presión en los equipos de la planta de solventes FENIX utilizando frecuencias de cálculo reconocidas por Exxon Mobil, se incluyen datos de temperatura, presión y flujos de las diferentes corrientes utilizadas en la realización del trabajo, los cuales fueron obtenidos mediante la lectura directa en la planta. 
650 7 |a INDUSTRIA DEL PETROLEO 
650 7 |b  TRANSFERENCIA DE CALOR 
650 7 |c  CAIDAS DE PRESION 
650 7 |d  BALANCE DE MASA Y ENERGIA - MODO DSP 
650 7 |e  BALANCE DE MASA Y ENERGIA - MODO D40 
700 1 |a Tutor:  |b Gamero P., Rafael 
942 |c BK  |2 ddc 
991 |a TESIS 
999 |c 20759